| 000 | 01857nam a22002897a 4500 | ||
|---|---|---|---|
| 005 | 20221124160834.0 | ||
| 008 | 221124b ||||| |||| 00| 0 eng d | ||
| 020 | _a978-0070602199 | ||
| 040 | _cAL | ||
| 041 | _aeng | ||
| 082 |
_223 _a515.2433 _bSPIS |
||
| 100 |
_aMurray R Spiegel _963690 |
||
| 245 | _aSchaums outlines theory and problemes of fourier analysis with applications to boundary value problems | ||
| 260 |
_aNew Delhi _bTata McGraw Hill Education Private Limited _c2011 |
||
| 300 |
_avi,191p. _bPB _c27x20cm. |
||
| 365 |
_2Mathematics _a6033 _b1559.00 _c₹ _d1949.00 _e20% _f22-11-2022 |
||
| 440 |
_aSchaums outlines _963519 |
||
| 520 | _aConfusing Textbooks? Missed Lectures? Not Enough Time?Fortunately for you, there's Schaum's Outlines. More than 40 million students have trusted Schaum's to help them succeed in the classroom and on exams. Schaum's is the key to faster learning and higher grades in every subject. Each Outline presents all the essential course information in an easy-to-follow, topic-by-topic format. You also get hundreds of examples, solved problems, and practice exercises to test your skills. This Schaum's Outline gives youPractice problems with full explanations that reinforce knowledgeCoverage of the most up-to-date developments in your course fieldIn-depth review of practices and applicationsFully compatible with your classroom text, Schaum's highlights all the important facts you need to know. Use Schaum's to shorten your study time-and get your best test scores!Schaum's Outlines-Problem Solved. | ||
| 650 |
_aBoundary Value Problems _963520 |
||
| 650 |
_aOrthogonal Functions _963521 |
||
| 650 |
_aGamma Beta _963522 |
||
| 650 |
_aBessel Functions _963523 |
||
| 650 |
_aLegendre Functions _963524 |
||
| 650 |
_aHermite Laguerre _963525 |
||
| 700 |
_aSPIEGEL (Murray R) _963526 |
||
| 942 |
_2ddc _cBK |
||
| 999 |
_c225295 _d225295 |
||